000
00305nam a2200121Ia 4500
008
220204s9999 xx 000 0 und d
082
_a
678.5:678.4
_b
DAV
100
_a
Davies, B L
245
0
_a
Plastics derived from natural rubber
490
_a
Plastics monograph 8
700
_a
Glazer, J
942
_c
BK
999
_c
43791
_d
43791